O silêncio além das grades : (Record no. 662)

MARC details
000 -LÍDER
Campo Fixo de Controle 01050cam a2200253 a 4500
001 - NÚMERO DE CONTROLE
Campo de Controle 662
003 - IDENTIFICAÇÃO DO NÚMERO DE CONTROLE
Campo de Controle BR-CuiBMT
005 - DATA E HORA DA ÚLTIMA ATUALIZAÇÃO
Campo de Controle 20231116005936.0
008 - DADOS FIXOS
Dados Fixos 231113s 2021mgba 000 0 por d
020 ## - INTERNATIONAL STANDARD BOOK NUMBER
Nº do ISBN 9786555181340
040 ## - AGÊNCIA CATALOGADORA
Código da Agência Catalogadora BR-CuiBMT
Agência que transcreveu o registro BR-CuiBMT
080 ## - Nº DA CLASSIFICAÇÃO DECIMAL UNIVERSAL
Nº edição CDU 2007
Nº Class. CDU 343.91-053.6
090 ## - NÚMERO DE CHAMADA
Nº classificação 343.91-053.6
Cutter V154s
100 1# - ENTRADA PRINCIPAL -- AUTOR PESSOAL
Nome pessoal Valente, Ana Cláudia de Souza
245 12 - TÍTULO PRINCIPAL
Título principal O silêncio além das grades :
Subtítulo a intersetorialidade punitiva nas práticas socioeducativas /
Indicação de responsabilidade Ana Cláudia de souza Valente ; prefácio Selma Sauerbronn ; apresentação Antonio Henrique Graciano Suxberger.
260 ## - PUBLICAÇÃO, DISTRIBUIÇÃO, ETC.
Local de publicação Belo Horizonte :
Editora Fórum,
Data 2021.
300 ## - DESCRIÇÃO FÍSICA
N. páginas ou volumes 333 p. :
Ilustrações il. ;
Dimensões 21 cm
504 ## - NOTA DE BIBLIOGRAFIA, ETC.
Nota de bibliografia Inclui bibliografia.
650 ## - ASSUNTO TÓPICO
Cabeçalho tópico ou nome geográfico Sistema Nacional de Atendimento Socioeducativo
Subdivisão geral Direitos da criança e do adolescente
Subdivisão geográfica Brasil
650 ## - ASSUNTO TÓPICO
Cabeçalho tópico ou nome geográfico Menores
Subdivisão geral Estatuto legal, leis, etc.
Subdivisão geográfica Brasil
650 ## - ASSUNTO TÓPICO
Cabeçalho tópico ou nome geográfico Estatuto da criança e do adolescente (1990)
Subdivisão geral Delinquência juvenil
Subdivisão geográfica Brasil
650 ## - ASSUNTO TÓPICO
Cabeçalho tópico ou nome geográfico Responsabilidade penal
Subdivisão geral Menores
Subdivisão geográfica Brasil
942 ## - ELEMENTOS DE ENTRADA ADICIONAIS (KOHA)
Fonte de classificação ou esquema de arquivamento Classificação Decimal Universal
Tipo de item do Koha Livros
Holdings
Estado: removido Estado: perdido Fonte de classificação ou esquema de arquivamento Estado: danificado Indisponível para empréstimo Localização permanente Localização atual Data de aquisição Total Checkouts Número de Chamada completo Código de barras Date last seen Número do exemplar Preço efetivo a partir de Tipo de item (Koha)
    Classificação Decimal Universal     Biblioteca da Escola Superior de Contas do TCE/MT Biblioteca da Escola Superior de Contas do TCE/MT 28/07/2023   343.91-053.6 V154s BIBTCEMT23110498 13/11/2023 Ex. 1 13/11/2023 Livros
    Classificação Decimal Universal     Biblioteca da Escola Superior de Contas do TCE/MT Biblioteca da Escola Superior de Contas do TCE/MT 28/07/2023   343.91-053.6 V154s BIBTCEMT23110499 13/11/2023 Ex. 2 13/11/2023 Livros

Powered by Koha